Developing and managing a learning organisation /

Bibliographic Details
Format: Book
Published: New Delhi: Infinity Books, 2002.
Subjects:
LEADER 00726cam a2200229 7i4500
001 0000061126
005 20151104090000.0
005 ##20151104183000.0
003 ##MY-KlINT
020 # # |a 8179290085  
039 # 9 |y 201511041830  |z VLOAD 
090 0 0 |a 658.420 DEV  
245 0 0 |a Developing and managing a learning organisation /   |c editors S. Cavaleri, D. Fearon.. 
260 # # |a New Delhi:   |b Infinity Books,   |c 2002. 
300 # # |a xviii, 548 p., 20cm. 
650 # 0 |a Developmental management  
650 # 0 |a Organizational learning  
650 # 0 |a Organizational effectiveness  
996 |a ikwas2005.out 
997 |a 3000108187  |b IKWS  |c MNF  |d BOK 
998 |a 0000008075 
999 |a 3000108187  |b BOOK  |c Main Non-Fiction  |e INTAN Kampus Wilayah Selatan